| 000 | 00000nam 2200000zi 4500 |
| 001 | 9.945560 |
| 003 | CaOODSP |
| 005 | 20241126090251 |
| 006 | m o d f |
| 007 | cr |n||||||||| |
| 008 | 241126t19891989onc o f000 0 fre d |
| 020 | |z0662565495 |
| 040 | |aCaOODSP|bfre|erda|cCaOODSP |
| 043 | |an-cn---|an-us--- |
| 086 | 1 |aE74-20/7-1989F-PDF|zE74-20/7-1989 |
| 245 | 02|aL'Accord de libre-échange Canada-États-Unis et les marchés publics : |bune appréciation. |
| 264 | 1|aOttawa (Canada) : |bministre des Approvisionnements et Services, Gouvernement du Canada, |c[1989] |
| 300 | |a1 ressource en ligne (75 pages) |
| 336 | |atexte|btxt|2rdacontent/fre |
| 337 | |ainformatique|bc|2rdamedia/fre |
| 338 | |aressource en ligne|bcr|2rdacarrier/fre |
| 500 | |aÉdition numérisée de l'imprimée [par Direction des publications du Gouvernement du Canada]. |
| 500 | |aPublié aussi en anglais sous le titre : The Canada-U.S. Free Trade Agreement and government procurement : an assessment. |
| 500 | |a"Cette publication est la réalisation des efforts concertés des ministères des Affaires extérieures et d'Approvisionnements et Services"--Verso de la page de titre. |
| 650 | 6|aApprovisionnement public|zCanada. |
| 650 | 6|aLibre-échange|zCanada. |
| 650 | 6|aLibre-échange|zÉtats-Unis. |
| 710 | 1 |aCanada. |bMinistère des affaires extérieures, |eorganisme de publication. |
| 710 | 1 |aCanada. |bApprovisionnements et services Canada, |eorganisme de publication. |
| 775 | 08|tThe Canada-U.S. Free Trade Agreement and government procurement : |w(CaOODSP)9.945559 |
| 856 | 40|qPDF|s37.4 Mo|uhttps://publications.gc.ca/collections/collection_2024/amc-gac/E74-20-7-1989-fra.pdf |